|
000
|
01043nam0 2200301 450
|
|
001
|
2097
|
|
005
|
20090213140611.0
|
|
010
|
|
@a978-7-5019-6479-6@dCNY75.00
|
|
098
|
|
@a2097
|
|
100
|
|
@a20090206d2009 em y0chiy50 ea
|
|
101
|
0
|
@achi
|
|
102
|
|
@aCN@b110000
|
|
105
|
|
@aa z 000yy
|
|
106
|
|
@ar
|
|
200
|
1
|
@a食糖制造工@Ashi tang zhi zao gong@i提汁@e初级、中级、高级@f谢连城[等]主编
|
|
210
|
|
@a北京@c中国轻工业出版社@d2009
|
|
215
|
|
@a394页@c图@d26cm
|
|
300
|
|
@a行业职业教育培训规划教材 国家职业资格培训教程/贾志忍主编
|
|
304
|
|
@a中国糖业协会组织编写
|
|
304
|
|
@a主编还有:尚明久、苏士亮、周志萍
|
|
312
|
|
@a封面英文共同题名:Sugar producer
|
|
330
|
|
@a本书依照食糖制造工《国家职业标准》(提汁)的知识要求和技能要求编写,全书分初级工、中级工和高级工三部分,主要介绍了原料甘蔗的成分和管理、甘蔗预处理等内容。
|
|
606
|
0
|
@a制糖
|
|
606
|
0
|
@a制糖@x生产工艺@x职业教育@j教材
|
|
690
|
|
@aTS2@v4
|
|
701
|
0
|
@a谢连城@Axie lian cheng@4主编
|
|
801
|
0
|
@aCN@bCDNYKJZYXY@c20091010
|
|
905
|
|
@aCDNYKJZYXY@dTS2@e230
|
|
|
|
|
| |
| 食糖制造工.提汁:初级、中级、高级/谢连城[等]主编.-北京:中国轻工业出版社,2009 |
| 394页:图;26cm |
| 行业职业教育培训规划教材 国家职业资格培训教程/贾志忍主编 |
| |
| ISBN 978-7-5019-6479-6:CNY75.00 |
| 本书依照食糖制造工《国家职业标准》(提汁)的知识要求和技能要求编写,全书分初级工、中级工和高级工三部分,主要介绍了原料甘蔗的成分和管理、甘蔗预处理等内容。 |
| ● |
正题名:食糖制造工
索取号:TS2/230
 
预约/预借
| 序号
|
登录号
|
条形码
|
馆藏地/架位号
|
状态
|
备注
|
|
1
|
255933
|
300255933
|
海科密-1楼/37架6列2层/
[索取号:TS2/230]
|
在馆
|
|
|
2
|
255934
|
300255934
|
柳城-4楼/64架5列4层/
[索取号:TS2/230]
|
在馆
|
|
|
3
|
255935
|
300255935
|
柳城-4楼/64架5列4层/
[索取号:TS2/230]
|
在馆
|
|
|
4
|
255936
|
300255936
|
柳城-4楼/64架5列4层/
[索取号:TS2/230]
|
在馆
|
|